Xử thế của cổ nhân

محفوظ في:
التفاصيل البيبلوغرافية
المؤلف الرئيسي: Nguyễn Tử Quang
التنسيق: كتاب
اللغة:Undetermined
منشور في: Thanh Hoá Thanh Hoá 2002
الموضوعات:
الوسوم: إضافة وسم
لا توجد وسوم, كن أول من يضع وسما على هذه التسجيلة!
Thư viện lưu trữ: Trung tâm Học liệu Trường Đại học Cần Thơ
LEADER 00537nam a2200181Ia 4500
001 CTU_54168
008 210402s9999 xx 000 0 und d
020 |b 25000 
082 |a 158.2 
082 |b Qu106 
100 |a Nguyễn Tử Quang 
245 0 |a Xử thế của cổ nhân 
245 0 |c Nguyễn Tử Quang 
260 |a Thanh Hoá 
260 |b Thanh Hoá 
260 |c 2002 
650 |a interpersonal relations,social interaction,psychology, applied 
980 |a Trung tâm Học liệu Trường Đại học Cần Thơ